<?xml version="1.0" encoding="UTF-8"?>
<record
    xmlns:xsi="http://www.w3.org/2001/XMLSchema-instance"
    xsi:schemaLocation="http://www.loc.gov/MARC21/slim http://www.loc.gov/standards/marcxml/schema/MARC21slim.xsd"
    xmlns="http://www.loc.gov/MARC21/slim">

  <leader>01315    a2200205   4500</leader>
  <controlfield tag="001">54584</controlfield>
  <controlfield tag="005">20260407155820.0</controlfield>
  <controlfield tag="008">260407a1959    arg                 spa d</controlfield>
  <controlfield tag="003">AR-UNSa-BCEJYS</controlfield>
  <datafield tag="040" ind1=" " ind2=" ">
    <subfield code="a">AR-UNSa-BCEJYS</subfield>
    <subfield code="b">spa</subfield>
    <subfield code="c">AR-UNSa-BCEJYS</subfield>
  </datafield>
  <datafield tag="080" ind1=" " ind2=" ">
    <subfield code="a">321</subfield>
    <subfield code="x">Formas de la organizaci&#xF3;n pol&#xED;tica. Los estados como poderes pol&#xED;ticos</subfield>
  </datafield>
  <datafield tag="245" ind1="1" ind2="0">
    <subfield code="a">Segundo tratado de gobierno</subfield>
  </datafield>
  <datafield tag="264" ind1=" " ind2="1">
    <subfield code="a">Buenos Aires :</subfield>
    <subfield code="b">&#xC1;gora</subfield>
    <subfield code="c">1959</subfield>
  </datafield>
  <datafield tag="300" ind1=" " ind2=" ">
    <subfield code="a">174 p.</subfield>
    <subfield code="c">20,5 cm.</subfield>
  </datafield>
  <datafield tag="505" ind1=" " ind2=" ">
    <subfield code="a">1. Del estado de naturaleza &#x2013; 2. Del estado de guerra &#x2013; 3. De la esclavitud &#x2013; 4. De la propiedad &#x2013; 5. Del poder parental &#x2013; 6. De la sociedad pol&#xED;tica o civil &#x2013; 7. Del comienzo de las sociedades pol&#xED;ticas &#x2013; 8. De los fines de la sociedad pol&#xED;tica y del gobierno &#x2013; 9. De las formas de una naci&#xF3;n &#x2013; 10. De la extensi&#xF3;n del poder legislativo &#x2013; 11. De los poderes legislativo, ejecutivo y federativo de la rep&#xFA;blica &#x2013; 12. De la subordinaci&#xF3;n de los poderes de la rep&#xFA;blica &#x2013; 13. De la prerrogativa &#x2013; 14. De los poderes paternal, pol&#xED;tico y desp&#xF3;tico considerados en conjunto &#x2013; 15. De la conquista &#x2013; 16. De la usurpaci&#xF3;n &#x2013; 17. De la tiran&#xED;a &#x2013; 18. De la disoluci&#xF3;n del gobierno. </subfield>
  </datafield>
  <datafield tag="942" ind1=" " ind2=" ">
    <subfield code="c">BK</subfield>
  </datafield>
  <datafield tag="590" ind1=" " ind2=" ">
    <subfield code="a">niveau_biblio:m niveau_hierar:0</subfield>
  </datafield>
  <datafield tag="100" ind1="1" ind2=" ">
    <subfield code="a">Locke, John</subfield>
  </datafield>
  <datafield tag="700" ind1="1" ind2=" ">
    <subfield code="a">Calichio, Mario H.</subfield>
  </datafield>
  <datafield tag="999" ind1=" " ind2=" ">
    <subfield code="c">5659</subfield>
    <subfield code="d">5659</subfield>
  </datafield>
  <datafield tag="952" ind1=" " ind2=" ">
    <subfield code="0">0</subfield>
    <subfield code="1">0</subfield>
    <subfield code="4">0</subfield>
    <subfield code="7">0</subfield>
    <subfield code="a">BCEJYS</subfield>
    <subfield code="b">BCEJYS</subfield>
    <subfield code="c">16</subfield>
    <subfield code="d">2026-04-07</subfield>
    <subfield code="l">0</subfield>
    <subfield code="o">321 L814</subfield>
    <subfield code="p">L20285</subfield>
    <subfield code="r">2026-04-07 15:58:20</subfield>
    <subfield code="w">2026-04-07</subfield>
    <subfield code="y">L</subfield>
  </datafield>
</record>
